Intelligence PropertyData.com investment league tables (Record no. 84514)

MARC details
000 -LEADER
fixed length control field 00682cab a22001815a 4500
001 - CONTROL NUMBER
control field L158039
008 - FIXED-LENGTH DATA ELEMENTS--GENERAL INFORMATION
fixed length control field 140203e2014 xxk 000 0 eng d
035 ## - SYSTEM CONTROL NUMBER
System control number (Sirsi) u158039
041 0# - LANGUAGE CODE
Language code of text/sound track or separate title eng
245 00 - TITLE STATEMENT
Title Intelligence PropertyData.com investment league tables
260 ## - PUBLICATION, DISTRIBUTION, ETC.
Date of publication, distribution, etc. 2014
490 ## - SERIES STATEMENT
Series statement Property Week
Volume/sequential designation 80(4) 31 January 2014, 30-31(2)
520 ## - SUMMARY, ETC.
Summary, etc. League table of UK commercial agents reveals that whilst some firms double or treble transactional volumes in 2013 other remain static on 2012 values. Compares 2013 rankings and 2012 for offices, retail and industrial.
590 ## - LOCAL NOTE (RLIN)
Local note KA
651 #4 - SUBJECT ADDED ENTRY--GEOGRAPHIC NAME
Geographic name United Kingdom
Chronological subdivision
690 ## - LOCAL SUBJECT ADDED ENTRY--TOPICAL TERM (OCLC, RLIN)
Topical term or geographic name as entry element Commercial property
9 (RLIN) 6227
942 ## - ADDED ENTRY ELEMENTS (KOHA)
Suppress in OPAC 0
Holdings
Withdrawn status Lost status Source of classification or shelving scheme Damaged status Not for loan Home library Current library Shelving location Date acquired Total Checkouts Full call number Barcode Date last seen Copy number Price effective from Koha item type
    Dewey Decimal Classification     London London Journal article 03/02/2014   L158039 158039-1001 06/08/2019 1 06/08/2019 Journal article